Le nombre pi - Statistiques

Statistiques générales
  • Ce quiz a été pris 1 795 fois
  • Le résultat moyen est 25 sur 54
Statistiques - réponses
Nombre décimale Chiffre % Correct
1 1
100%
O 3
100%
2 4
99%
3 1
96%
4 5
95%
5 9
92%
6 2
90%
7 6
86%
8 5
84%
9 3
79%
10 5
76%
11 8
71%
12 9
68%
13 7
66%
14 9
63%
15 3
62%
16 2
60%
17 3
58%
18 8
55%
19 4
53%
20 6
50%
21 2
48%
22 6
46%
23 4
44%
24 3
42%
25 3
40%
26 8
38%
27 3
37%
28 2
35%
29 7
33%
30 9
33%
31 5
32%
32 0
30%
33 2
29%
34 8
27%
36 4
26%
35 8
26%
37 1
24%
40 1
23%
39 7
23%
38 9
23%
41 6
22%
43 3
21%
42 9
21%
46 3
20%
44 9
20%
48 5
19%
45 9
19%
49 1
18%
47 7
18%
50 0
17%
51 5
16%
53 2
14%
52 8
14%
Aucun quiz correspondant
Distribution des résultats
% des personnes avec chaque résultat
Percentile par nombre de réponses
Votre historique - résultats
Vous n’avez pas pris ce quiz